| 000 | 00738nam a2200253Ia 4500 | ||
|---|---|---|---|
| 005 | 20251020182534.0 | ||
| 008 | 200515s9999 xx 000 0 und d | ||
| 082 | _a72.015:728(85)/I59/14 | ||
| 245 | 0 | _aPrevi : I-4 | |
| 260 | _aLima | ||
| 260 | _c1973 | ||
| 300 | _aPrevi | ||
| 500 | _a1 ejemplar | ||
| 520 | _aSe trata de un sistema constructivo mixto en correcto armado, consistente en paneles prefabricados livianos, hechos a pie de obra, de reducido espesor, en concreto cara vista | ||
| 650 | _aCONCRETO CARAVISTA | ||
| 650 | _aLIB | ||
| 650 | _aPREFABRICADOS | ||
| 650 | _aPREVI | ||
| 650 | _aPUB ININVI | ||
| 650 | _aSISTEMAS CONSTRUCTIVOS | ||
| 650 | _aSUIZA | ||
| 650 | _aVIVIENDAS DE BAJO COSTO | ||
| 942 | _cLIB | ||
| 999 |
_c2177 _d2177 |
||